|
|
|
|
| LEADER |
01057pam a22003738a 4500 |
| 001 |
00033901 |
| 008 |
160218s2013 ||||||Engsd |
| 005 |
20171026081025.0 |
| 020 |
# |
# |
|c 128000
|
| 041 |
0 |
# |
|a Eng
|
| 082 |
1 |
4 |
|a 428
|b T000N
|
| 100 |
1 |
# |
|a Lori
|
| 245 |
1 |
0 |
|a TNT TOEIC
|b Introductory course
|c Lori
|n Vol.2
|
| 260 |
# |
# |
|a T.P. Hồ Chí Minh
|b Tổng hợp T.P. Hồ Chí Minh; Công ty TNHH Nhân Trí Việt
|c 2013
|
| 300 |
# |
# |
|e 1CD
|a 180 tr.
|c 26 cm.
|
| 500 |
# |
# |
|a Copyright by Lori, Darakwon, Inc., 2013
|
| 653 |
# |
# |
|a Ngôn ngữ
|
| 653 |
# |
# |
|a Tự học
|
| 653 |
# |
# |
|a Tiếng Anh
|
| 653 |
# |
# |
|a TOEIC
|
| 852 |
# |
# |
|b Kho giáo trình
|j KGT.0050956, KGT.0051022
|
| 852 |
# |
# |
|j KD.0016990
|j KGT.0050956
|j KGT.0051022
|
| 852 |
# |
# |
|b Kho đọc
|j KD.0016990
|
| 852 |
# |
# |
|b Kho mượn
|j KGT.0051022
|
| 910 |
0 |
# |
|d 18/02/2016
|
| 980 |
# |
# |
|a Trung tâm Học liệu Lê Vũ Hùng, Trường Đại học Đồng Tháp
|